<?xml version="1.0" encoding="UTF-8"?>
<record
    xmlns:xsi="http://www.w3.org/2001/XMLSchema-instance"
    xsi:schemaLocation="http://www.loc.gov/MARC21/slim http://www.loc.gov/standards/marcxml/schema/MARC21slim.xsd"
    xmlns="http://www.loc.gov/MARC21/slim">

  <leader>02313njm a2200301Ia 4500</leader>
  <controlfield tag="001">85611</controlfield>
  <controlfield tag="003">IT-RoPAU</controlfield>
  <controlfield tag="005">20220918181120.0</controlfield>
  <controlfield tag="008">131025s9999    xx            000 0 und d</controlfield>
  <datafield tag="040" ind1=" " ind2=" ">
    <subfield code="a">IT-RoPAU</subfield>
  </datafield>
  <datafield tag="040" ind1=" " ind2=" ">
    <subfield code="c">IT-RoPAU</subfield>
  </datafield>
  <datafield tag="041" ind1=" " ind2=" ">
    <subfield code="a">ITALIANO</subfield>
  </datafield>
  <datafield tag="999" ind1=" " ind2=" ">
    <subfield code="c">99685</subfield>
    <subfield code="d">99685</subfield>
  </datafield>
  <datafield tag="999" ind1=" " ind2=" ">
    <subfield code="b">n.d.</subfield>
  </datafield>
  <datafield tag="100" ind1=" " ind2=" ">
    <subfield code="a">AA.VV.</subfield>
    <subfield code="9">794</subfield>
  </datafield>
  <datafield tag="100" ind1=" " ind2=" ">
    <subfield code="e">Autore musica</subfield>
    <subfield code="9">26571</subfield>
  </datafield>
  <datafield tag="100" ind1=" " ind2=" ">
    <subfield code="g">Codice autore musica SPICS: 12000</subfield>
    <subfield code="9">796</subfield>
  </datafield>
  <datafield tag="245" ind1=" " ind2=" ">
    <subfield code="a">Sanremo '90-Big, giovani, star internazionali</subfield>
  </datafield>
  <datafield tag="250" ind1=" " ind2=" ">
    <subfield code="a">1a ed.</subfield>
  </datafield>
  <datafield tag="260" ind1=" " ind2=" ">
    <subfield code="a">ITALIA</subfield>
  </datafield>
  <datafield tag="260" ind1=" " ind2=" ">
    <subfield code="b">POLYGRAM</subfield>
    <subfield code="c">1990 [1a Ed.:1990 - Ed. Lingua Orig.: 1990]</subfield>
  </datafield>
  <datafield tag="300" ind1=" " ind2=" ">
    <subfield code="a">DISCO</subfield>
  </datafield>
  <datafield tag="300" ind1=" " ind2=" ">
    <subfield code="c">135 minuti (Testo: 0 pag.)</subfield>
  </datafield>
  <datafield tag="500" ind1=" " ind2=" ">
    <subfield code="a">Musica leggera. Canzone. Brani di autori vari presentati al Festival di Sanremo 1990</subfield>
  </datafield>
  <datafield tag="505" ind1=" " ind2=" ">
    <subfield code="a">Bisognerebbe non pensare che a te [(Caselli Caterina) (5:00)] - Evviva Maria [(Di Capri Peppino) (5:00)] - Angel of the Night [(Uomini soli) (Bridgewater Dee Dee) (4:00)] - L'et&#xE0; dell'oro [(Celentano Rosalinda) (5:00)] - Novecento Aufwiedersehen [(Bennato Eugenio) (5:00)] - Sbandamenti [(Laccone Sergio) (4:00)] - Io vorrei [(Giacobbe Sandro) (4:00)] - Sono felice [(Milva-Biolcati Maria Ilva) (4:00)] - Gli amori [(Cutugno Toto) (4:00)] - Love Pains [(Minnelli Liza) (5:00)] - Vieni a stare qui [(Fasano Franco) (5:00)] - Buona giornata [(I Ricchi e Poveri) (4:00)] - Ringrazio Dio [(Turci Paola) (5:00)] - Noi non diciamo mai mai [(Gai Dario) (5:00)] - All For the Love [(Costa Nikka) (4:00)] - Amori [(Biolcati Lena) (4:00)] - Donna con te [(Kaoma) (5:00)] - Tu... si... [(Mango) (5:00)] - Nas asas de um violao [(Ringrazio Dio) (Toquinho) (5:00)] - La lambada strofineira [(De Razza Armando) (4:00)] - Speak To Me of Love [(Morris Sarah Jane) (5:00)] - Favolando [(Crisci Ros&#xE9;) (5:00)] - Novecento Aufwiedersehen [(Moncada D.) (4:00)] - Amore [(Christian) (4:00)] - A [(Winnie Papa) (4:00)] - Disperato [(Masini Marco) (5:00)] - You and Me [(Jackson La Toya) (4:00)] - Ti dir&#xF2; [(Future) (4:00)] - Give Me A Reason [(Makeba Miriam) (5:00)] - Una storia da raccontare [(Makeba Miriam) (4:00)] - La Nevada [(Lopez-Mijares) (5:00)] - Vorrei [(Reitano Mino) (4:00)]</subfield>
  </datafield>
  <datafield tag="650" ind1=" " ind2=" ">
    <subfield code="a">CANZONE ITALIAN [DISCHI]</subfield>
    <subfield code="e">Codice MATERIA SPICS: 9950</subfield>
    <subfield code="9">26572</subfield>
  </datafield>
  <datafield tag="700" ind1=" " ind2=" ">
    <subfield code="a">AA.VV.</subfield>
    <subfield code="g">Codice autore testo/musica SPICS: 12000</subfield>
    <subfield code="e">Autore testo/musica</subfield>
    <subfield code="9">26573</subfield>
  </datafield>
  <datafield tag="942" ind1=" " ind2=" ">
    <subfield code="c">MD</subfield>
    <subfield code="2">ddc</subfield>
  </datafield>
  <datafield tag="952" ind1=" " ind2=" ">
    <subfield code="0">0</subfield>
    <subfield code="1">0</subfield>
    <subfield code="4">0</subfield>
    <subfield code="6">85611_000000000000000</subfield>
    <subfield code="7">1</subfield>
    <subfield code="a">SPICS</subfield>
    <subfield code="b">SPICS</subfield>
    <subfield code="d">2013-10-25</subfield>
    <subfield code="l">0</subfield>
    <subfield code="o">85611</subfield>
    <subfield code="r">2013-10-25 00:00:00</subfield>
    <subfield code="w">2013-10-25</subfield>
    <subfield code="y">MD</subfield>
    <subfield code="z">Progr. Ins.: 21264 / N.Vol.: 2 / Copie: 1 - Copia rara: n.d. / date import: 01.01.2014 - By Epidotti, Trombetti, Vaglietti</subfield>
  </datafield>
</record>
